Premier League: 100+ Goal Contributions (2000-) - Statistics

General Stats
  • This quiz has been taken 47 times
  • The average score is 51 of 67
Answer Stats
Ranking Player Positions Nationality Matches Goals (assists) Periods Clubs % Correct
16 Didier Drogba FW 254 104 (55) 2004-2011, 2014-2015
100%
3 Harry Kane FW 320 213 (44) 2012-2023
100%
11 Jamie Vardy FW 342 145 (47) 2014-2022, 2024-2025
100%
12 Kevin De Bruyne MF, FW 288 72 (118) 2013-2014, 2015-2025
100%
2 Mohamed Salah MF, FW 301 186 (87) 2013-2014, 2017-2025
100%
23 Riyad Mahrez MF, FW 284 82 (62) 2014-2023
100%
9 Robin van Persie FW 280 144 (53) 2004-2015
100%
17 Romelu Lukaku FW 278 121 (35) 2011-2018, 2021-2022
100%
18 Ryan Giggs MF, FW 382 55 (101) 2000-2014
100%
20 Sadio Mané MF, FW 263 111 (38) 2014-2022
100%
5 Sergio Agüero FW 275 184 (48) 2011-2021
100%
7 Steven Gerrard MF 463 119 (89) 2000-2015
100%
6 Thierry Henry FW 227 158 (66) 2000-2006, 2011-2012
100%
1 Wayne Rooney MF, FW 491 208 (102) 2002-2018
100%
24 Cristiano Ronaldo MF, FW 236 103 (37) 2003-2008, 2021-2023
98%
4 Frank Lampard MF 491 160 (94) 2000-2015
98%
13 Raheem Sterling MF, FW 396 123 (66) 2011-2025
98%
29 Christian Eriksen MF, FW 310 55 (78) 2013-2019, 2021-2025
95%
19 David Silva MF, FW 309 60 (93) 2010-2020
95%
25 Eden Hazard MF, FW 245 85 (54) 2012-2019
95%
15 Cesc Fàbregas MF, FW 350 50 (111) 2004-2010, 2014-2019
93%
28 Dimitar Berbatov FW 229 94 (40) 2006-2014
93%
22 James Milner DF, MF 638 55 (89) 2002-2025
90%
14 Peter Crouch FW 468 106 (58) 2001-2019
90%
8 Son Heung-min MF, FW 333 127 (71) 2015-2025
90%
30 Emmanuel Adebayor FW 242 97 (36) 2005-2016
88%
46 Bruno Fernandes MF, FW 195 62 (51) 2019-2025
85%
62 Erling Haaland FW 97 85 (16) 2022-2025
85%
32 Roberto Firmino MF, FW 256 82 (50) 2015-2023
85%
37 Carlos Tevez MF, FW 202 84 (36) 2006-2013
83%
42 Gabriel Jesus FW 229 76 (40) 2016-2025
83%
21 Robbie Keane FW 318 114 (33) 2000-2012
83%
61 Alan Shearer FW 188 84 (18) 2000-2006
80%
45 Fernando Torres FW 212 85 (29) 2007-2014
80%
10 Jermain Defoe FW 496 163 (33) 2000-2019
80%
33 Marcus Rashford MF, FW 297 89 (42) 2015-2025
80%
26 Nicolas Anelka FW 299 102 (36) 2001-2004, 2006-2011, 2013-2014
80%
53 Ruud van Nistelrooy FW 150 95 (14) 2001-2006
80%
41 Gylfi Sigurðsson MF, FW 318 67 (50) 2011-2021
75%
64 Paul Scholes MF 339 66 (35) 2000-2013
75%
36 Darren Bent FW 276 106 (15) 2001-2002, 2005-2015
73%
56 Juan Mata MF, FW 278 52 (54) 2011-2022
73%
52 Ollie Watkins FW 184 75 (34) 2020-2025
73%
54 Christian Benteke FW 280 86 (22) 2012-2022
70%
65 Chris Wood FW 263 89 (11) 2008-2009, 2010-2011, 2014-2015, 2017-2025
70%
44 Michael Owen FW 231 102 (13) 2000-2003, 2005-2013
70%
40 Olivier Giroud FW 255 90 (29) 2012-2021
70%
27 Theo Walcott MF, FW 397 80 (56) 2006-2023
70%
34 Ashley Young DF, FW 485 50 (74) 2006-2019, 2021-2025
68%
48 Callum Wilson FW 239 88 (23) 2015-2025
68%
50 Danny Welbeck MF, FW 363 77 (32) 2008-2025
68%
49 Gareth Barry MF 589 50 (61) 2000-2018
65%
57 James Maddison MF, FW 222 56 (48) 2018-2025
63%
63 Michail Antonio MF, FW 268 68 (33) 2015-2025
63%
31 Jimmy Floyd Hasselbaink FW 219 93 (39) 2000-2007
60%
39 Mark Viduka FW 240 92 (28) 2000-2009
53%
60 Robert Pirès MF, FW 198 62 (41) 2000-2005, 2010-2011
53%
35 Yakubu Aiyegbeni FW 252 96 (26) 2003-2012
50%
58 James Ward-Prowse DF, MF 404 57 (47) 2012-2025
48%
59 Louis Saha FW 278 84 (19) 2001-2013
48%
47 Craig Bellamy FW 294 81 (31) 2000-2009, 2011-2012, 2013-2014
45%
66 Damien Duff MF, FW 337 49 (51) 2001-2014
43%
51 Emile Heskey FW 380 74 (35) 2000-2012
40%
38 Kevin Davies FW 375 72 (48) 2000-2012
35%
55 Gabriel Agbonlahor MF, FW 322 74 (34) 2005-2016
33%
67 Danny Murphy MF 377 48 (52) 2000-2012
18%
43 James Beattie FW 274 86 (30) 2000-2006, 2008-2011
13%
No matching quizzes found
Score Distribution
Percent of People with Each Score
Percentile by Number Answered
Your Score History
You have not taken this quiz